000 00325nam a22001457a 4500
008 230613b ||||| |||| 00| 0 eng d
020 _a9780205913701
041 _aeng
080 _2SEVENTH EDITION
_a615
082 _a615McK
100 _a15
101 _aFAR
245 _aDRUGS AND BEHAVIOR
_cMcKIM.W
942 _2udc
_cBK
999 _c59955
_d59955